01951nam a2200361 4500001000400000003000400004005001700008008004100025020001500066040000800081041001300089082001800102100004100120240003800161245012200199260003700321300001100358520078700369650002701156650002301183650003401206650002601240650001701266650001901283650002001302650001401322655001601336655002001352700005101372942001501423952013801438999001301576214OSt20250902095129.0250203b |||||||g |||| 00| 1 eng d a8506037328 bpor hengapor a028.5bD754su1 aDoyle, Arthur Conan,d1859-19309388 aThe adventures of Sherlock Holmes aSherlock Holmes: bO último adeus de Sherlock Holmes /cDoyle, Arthur Conan ; Tradução de Antonio Carlos Vilela aSão PaulobMelhoramentosc2003 a144 p. aSherlock Holmes ainda hoje é um dos mais atrantes personangens dos romances policiais. Desvendar crimes que pareciam insolúveis até mesmo para a Scotland Yard, a famosa polícia inglesa, fez do seu nome um sinônimo de "detetive". E, como a vida parece mesmo imitar a ficção, a imortal criação de Sir Arthur Conan Doyle continua a despertar o interesse de jovens e adultos, de tal forma que seu endereço fictício - 221B, Baker Street - abriga hoje o museu do ilustre detetive, atraindo visitantes do mundo inteiro. As fascinantes aventuras de Sherlock Holmes, escritas ao longo de quase quarenta anos, são agora apresentadas integralmente em nova tradução para o português, realizada por Antonio Carlos Vilela, autor de livros juvenis de muito sucesso. 0aLiteratura Inglesa989 0aAdaptação9788 0aCrime e Investigação 913 0aRomance Policial 911 0aSuspense910 0aMistério942 0aClássicos977 0aFilme926 0aRomance923 0aFicção 9221 aVilela, Antonio Carlos,d1966-eTradutor91015 2ddcn0cBK 00102ddc40708FICaBIBIBbBIBIBcIJd2016-12-01edoaçãol0oIJ 028.5 / D754sup2025-15425r2025-01-31 07:47:58w2025-01-31yBK c214d214